| 000 | 00729cam a2200181 4500 | ||
|---|---|---|---|
| 001 | X118603 | ||
| 008 | 020701n2002 000 0 eng u | ||
| 035 | _a(Sirsi) u118603 | ||
| 100 | _aMoss, T | ||
| 245 | _aProfessional indemnity insurance: a guide to coping with the renewal process | ||
| 260 | _c2002 | ||
| 490 |
_aNew Law Journal _v152(7029) Insurance Supplement 26 April 2002, 634-636(2) |
||
| 520 | _aLooks at how law firms can keep insurance premiums low by evaluating existing operational procedures, and adopting best practice in completing proposal form. Table of insurance website addresses. | ||
| 650 | _aPROFESSIONAL INDEMNITY INSURANCE | ||
| 650 | _aBEST PRACTICE | ||
| 690 |
_aInsurance _96249 |
||
| 942 | _n0 | ||
| 999 |
_c70624 _d70624 |
||